Design and Development of Multi-Hop Cooperative Network for Energy Efficient Smart Grid Communications (Record no. 13265)
[ view plain ]
| 000 -LEADER | |
|---|---|
| fixed length control field | 00562nam a22001577a 4500 |
| 082 ## - DEWEY DECIMAL CLASSIFICATION NUMBER | |
| Classification number | BE-EE-3 |
| 100 ## - MAIN ENTRY--PERSONAL NAME | |
| Personal name | Muhammad Shahmeer Omar |
| 9 (RLIN) | 92283 |
| 245 ## - TITLE STATEMENT | |
| Title | Design and Development of Multi-Hop Cooperative Network for Energy Efficient Smart Grid Communications |
| 260 ## - PUBLICATION, DISTRIBUTION, ETC. | |
| Place of publication, distribution, etc. | Islamabad |
| Name of publisher, distributor, etc. | NUST-SEECS |
| Date of publication, distribution, etc. | 2015 |
| 300 ## - PHYSICAL DESCRIPTION | |
| Extent | 94 |
| Accompanying material | CD Include |
| 500 ## - GENERAL NOTE | |
| General note | Supervisors: Dr. Syed Ali Hassan, Dr. Sajid Saleem |
| 700 ## - ADDED ENTRY--PERSONAL NAME | |
| Personal name | Syed Ahsan Raza, |
| 9 (RLIN) | 92284 |
| 700 ## - ADDED ENTRY--PERSONAL NAME | |
| Personal name | Muhammad Ali Anjum |
| 9 (RLIN) | 92285 |
| 856 ## - ELECTRONIC LOCATION AND ACCESS | |
| Uniform Resource Identifier | <a href="http://10.250.8.41:8080/xmlui/handle/123456789/10051">http://10.250.8.41:8080/xmlui/handle/123456789/10051</a> |
| 942 ## - ADDED ENTRY ELEMENTS (KOHA) | |
| Koha item type | Project Report |
| Source of classification or shelving scheme | |
| Withdrawn status | Lost status | Damaged status | Not for loan | Collection code | Permanent Location | Current Location | Shelving location | Date acquired | Total Checkouts | Full call number | Barcode | Date last seen | Date last checked out | Price effective from | Koha item type |
|---|---|---|---|---|---|---|---|---|---|---|---|---|---|---|---|
| WITHDRAWN | Central Library (CL) | Central Library (CL) | General Stacks | 07/07/2015 | 1 | BE-EE-3 SHA | SEECSP01669 | 05/08/2019 | 10/04/2018 | 07/05/2015 | Project Report |
